Southville International School and Colleges
Your cart is empty.
  • Cart
  • Lists
    Public lists Eva Luna New books Lux_list list_1
    Your lists Log in to create your own lists
  • Log in to your account
  • Your cookies
  • Search history
Southville International School and Colleges
  • Advanced search
  • Recent comments
  • Most popular
  • Libraries

Log in to your account

Log in with GOOGLE


If you do not have an external account, but do have a local account, you can still log in:

  1. Home
  2. MARC view: Romance and revolutions :
Normal view MARC view ISBD view

Romance and revolutions : (Record no. 24581)

[ view plain ]
MARC details
000 -LEADER
fixed length control field 00666nam a2200205 a 4500
005 - DATE AND TIME OF LATEST TRANSACTION
control field 20140310183529.0
008 - FIXED-LENGTH DATA ELEMENTS--GENERAL INFORMATION
fixed length control field 110822s19uu xx 00 eng d
020 ## - INTERNATIONAL STANDARD BOOK NUMBER
International Standard Book Number 978-971-8527-83-2
050 ## - LIBRARY OF CONGRESS CALL NUMBER
Classification number D 400
Item number .L769 2010
100 ## - MAIN ENTRY--PERSONAL NAME
Personal name Lisa, Luis.
245 ## - TITLE STATEMENT
Title Romance and revolutions :
Remainder of title A look into the lives and times of Jose Rizal and Josephine Bracken /
Statement of responsibility, etc Luis Lisa & Javier De Pedro.
260 ## - PUBLICATION, DISTRIBUTION, ETC. (IMPRINT)
Place of publication, distribution, etc Pasig City :
Name of publisher, distributor, etc University of Asia and the Pacific,
Date of publication, distribution, etc 2010.
300 ## - PHYSICAL DESCRIPTION
Extent 386 p. :
Dimensions 24 cm.
650 ## - SUBJECT ADDED ENTRY--TOPICAL TERM
Topical term or geographic name as entry element Philippine history
650 ## - SUBJECT ADDED ENTRY--TOPICAL TERM
Topical term or geographic name as entry element Rizal, Jose
650 ## - SUBJECT ADDED ENTRY--TOPICAL TERM
Topical term or geographic name as entry element Bracken, Josephine
700 ## - ADDED ENTRY--PERSONAL NAME
Personal name De Pedro, Javier
942 ## - ADDED ENTRY ELEMENTS (KOHA)
Koha item type Books
Source of classification or shelving scheme Library of Congress Classification
Call number prefix Local
Holdings
Withdrawn status Lost status Source of classification or shelving scheme Damaged status Home library Current library Shelving location Date acquired Total Checkouts Full call number Barcode Date last seen Copy number Price effective from Koha item type
    Library of Congress Classification   College Library College Library Filipiniana Section 08/22/2011   D 400 .L769 2010 C12802 05/08/2018 1 03/10/2014 Books

Romance and revolutions :

APA

Lisa L., De Pedro J., . (2010). Romance and revolutions. Pasig City: University of Asia and the Pacific.

Chicago

Lisa Luis, De Pedro Javier, . 2010. Romance and revolutions. Pasig City: University of Asia and the Pacific.

Harvard

Lisa L., De Pedro J., . (2010). Romance and revolutions. Pasig City: University of Asia and the Pacific.

MLA

Lisa Luis, De Pedro Javier, . Romance and revolutions. Pasig City: University of Asia and the Pacific. 2010.

  • Place hold
  • Print
  • Cite
  • Add to your cart (remove)
  • Save record
    BIBTEX Dublin Core MARCXML MARC (non-Unicode/MARC-8) MARC (Unicode/UTF-8) MARC (Unicode/UTF-8, Standard) MODS (XML) RIS
  • More searches
    Search for this title in:
    Other Libraries (WorldCat) Other Databases (Google Scholar) Online Stores (Bookfinder.com) Open Library (openlibrary.org)

Exporting to Dublin Core...

SOUTHVILLE LIBRARY

Southville International School and Colleges Library

1281 Tropical Ave. Cor. Luxembourg St., BF Homes International, Las Pinas City

Tel. No. 8256374 / 252358 Loc. 117/146

Powered by Koha